A Well Csoport marketing munkájának minőségmenedzsment támogatása

Bibliographic Details
Main Author: Mendez Eszter
Other Authors: Tóth Dr. Antal
Format: Thesis
Kulcsszavak:Minőségirányítás
TQM
Vezetéselmélet
Online Access:http://dolgozattar.uni-bge.hu/13881

MARC

LEADER 00000nta a2200000 i 4500
001 dolg13881
005 20180529140041.0
008 171211suuuu hu om 000 hun d
040 |a BGE Dolgozattár Repozitórium  |b hun 
041 |a hu 
100 1 |a Mendez Eszter 
245 1 2 |a A Well Csoport marketing munkájának minőségmenedzsment támogatása  |c Mendez Eszter  |h [elektronikus dokumentum] 
695 |a Minőségirányítás 
695 |a TQM 
695 |a Vezetéselmélet 
700 1 |a Tóth Dr. Antal  |e ths 
856 4 0 |u http://dolgozattar.uni-bge.hu/13881/1/Well%20Csoport%20Szakdolgozat%20fedlap.pdf  |z Dokumentum-elérés 
856 4 0 |u http://dolgozattar.uni-bge.hu/13881/2/Well%20Csoport%20Szakdolgozat%20%281%29.pdf  |z Dokumentum-elérés